Los derechos del paciente

Bibliographic Details
Main Author: Seijas Villadangos, Mara̕ Esther
Corporate Author: Boletn̕ Oficial del Estado (Espaą)
Format: Unknown
Language:Spanish
Published: Madrid : Boletn̕ Oficial del Estado, 2007
Subjects:
Online Access:Acceso restringido

MARC

LEADER 00000ny a22000003n 4500
005 20110621141814.0
008 051102s2007 sp 000 0 spa d
020 |a 9788434016439 
035 |a 1774 
040 |a BUS  |d vLex 
090 |c 964  |d 964 
100 1 |a Seijas Villadangos, Mara̕ Esther 
245 1 4 |a Los derechos del paciente  |h [Recurso electrn̤ico]  |c Esther Seijas Villadangos 
256 |a Servicio en ln̕ea 
260 |a Madrid :  |b Boletn̕ Oficial del Estado,  |c 2007 
300 |a 121 p. ;  |c 20 cm 
506 1 |a Contenido solo disponible en los productos indicados  |d vLex Global  |d vLex Global (Academic Edition, excluding Law Schools)  |d vLex Global (U.S. Academic Edition, Law Schools)  |d vLex Global (U.S. Academic Edition, excluding Law Schools)  |d vLex Global (Academic Edition, Law Schools) 
650 0 7 |a Derechos de la persona  |2 Tesauro vLex 
710 2 |a Boletn̕ Oficial del Estado (Espaą)  
740 0 |a vLex Libros (Servicios en ln̕ea) 
856 4 0 |u http://vlex.com/source/1774  |z Acceso restringido 
942 |c BOOK